Statistics for 5 players, 1 club #2

Click here to take the quiz!

General Stats

  • This quiz has been taken 16 times
  • The average score is 16 of 20

Answer Stats

HintAnswer% Correct
Patrick Vieira - Mikel Arteta - Laurent Koscielny - Jorginho - Takehiro TomiyasuArsenal
100%
Jürgen Kohler - Alexander Frei - Shinji Kagawa - Marcel Schmelzer - Erling HaalandBorussia Dortmund
100%
Deco - Rivaldo - Pedro - Martin Braithwaite - Frenkie de JongFC Barcelona
100%
Michel Platini - Zinédine Zidane - Cristiano Ronaldo - Manuel Locatelli - Edgar DavidsJuventus
100%
David Beckham - Ruud Van Nistelrooy - Ashley Young - Marcel Sabitzer - Jonny EvansManchester United
100%
Joe Cole - Rio Ferdinand - Mohammed Kudus - Jarrod Bowen - Paulo WanchopeWest Ham
94%
Abdou Diallo - Falcao - James Rodríguez - Takumi Minamino - Lilian ThuramAS Monaco
88%
Kévin Gameiro - Djibril Sow - Davor Suker - Steven Nzonzi - Sergio RamosFC Sevilla
88%
Wendell - Diogo Jota - Emil Kostadinov - Ricardo Quaresma - Alex TellesFC Porto
81%
Edwin van der Sar - Willian - Timothy Castagne - Clint Dempsey - Chris SmallingFulham
81%
Jairzinho - Rudi Völler - André Ayew - Lorik Cana - VitinhaOM
81%
Marlos - Henrikh Mkhitaryan - Brandão - Luiz Adriano - Andriy PyatovChakhtar Donetsk
75%
Calvin Stengs - Johan Cruyff - Dirk Kuyt - Orkun Kökçü - Tyrell MalaciaFeyenoord
75%
Benjamin Pavard - Philipp Lahm - Sami Khedira - Didier Six - Serhou GuirassyVFB Stuttgart
75%
Kazuyoshi Miura - Mateo Kovačić - Marcelo Brozović - Dejan Lovren - Dani OlmoDinamo Zagreb
69%
Rui Costa - Adrian Mutu - Arthur Melo - Sócrates - Franck RibéryFiorentina
69%
Hristo Stoitchkov - Vincent Aboubakar - David Ospina - Sadio Mané - TaliscaAl Nassr
63%
Unai Simón - Bixente Lizarazu - Fernando Llorente - Iñaki Williams - Oihan SancetAthletic Bilbao
63%
Philippe Clement - Leandro Trossard - Sergej Milinković-Savić - Kevin De Bruyne - Wilfred NdidiKRC Genk
56%
Guido Pizarro - Enner Valencia - Luis Hernández - Florian Thauvin - André-Pierre GignacTigres UANL
56%

Score Distribution

Percentile by Number Answered

Percent of People with Each Score

Your Score History

You have not taken this quiz